| 000 | 01042nmc a2200349 a 4500 | ||
|---|---|---|---|
| 003 | AR-BaBNM | ||
| 005 | 20251128210646.0 | ||
| 008 | 190120s1997 ||||||||||||||000 | spa|| | ||
| 020 | _a968-856-498-2 | ||
| 040 | _cAR-BaBNM | ||
| 100 | 1 | _aAboites, Hugo | |
| 245 | 1 | 0 |
_aViento del norte _bT.L.C. y privatización de la educación superior en México |
| 250 | _a1ª ed. | ||
| 260 |
_aMéxico, D.F. _bUniversidad Autónoma Metropolitana _bPlaza y Valdés _c1997 |
||
| 300 | 0 | _a432 p. | |
| 490 | 0 | _aEnsayos | |
| 500 | 0 | _aContiene referencias bibliográficas | |
| 500 | 0 | _aT.L.C.: Tratado de Libre Comercio | |
| 610 | 2 | 4 | _aFondo Monetario Internacional |
| 610 | 2 | 4 | _aBanco Mundial |
| 650 | 4 | _aUNIVERSIDADES | |
| 650 | 4 | _aECONOMIA DE LA EDUCACION | |
| 650 | 4 | _aCOOPERACION INTERNACIONAL | |
| 651 | 4 | _aMéxico | |
| 651 | 4 | _aEstados Unidos | |
| 653 | 0 | _aEDUCACION SUPERIOR | |
| 653 | 0 | _aLEGISLACION EDUCATIVA | |
| 653 | 0 | _aPOLITICAS UNIVERSITARIAS | |
| 653 | 0 | _aAUTONOMIA UNIVERSITARIA | |
| 942 | _cBK | ||
| 998 | _cRaquel | ||
| 999 |
_c16332 _d16332 |
||